LIBRARY & INFORMATION CENTRE, KCAET, TAVANUR

ONLINE PUBLIC ACCESS CATALOGUE (OPAC)

Computational methods for partial differential equations / (Record no. 5382)

MARC details
000 -LEADER
fixed length control field 00516cam a2200193ua 4500
003 - CONTROL NUMBER IDENTIFIER
control field OSt
008 - FIXED-LENGTH DATA ELEMENTS--GENERAL INFORMATION
fixed length control field 241227b |||||||| |||| 00| 0 eng d
020 ## - INTERNATIONAL STANDARD BOOK NUMBER
ISBN 81 224 0429 4
041 ## - LANGUAGE CODE
Language code of text/sound track or separate title eng
082 ## - DEWEY DECIMAL CLASSIFICATION NUMBER
Classification number 515.353
Item number JAI/CO
100 ## - MAIN ENTRY--AUTHOR NAME
Personal name Jain, M K .
245 ## - TITLE STATEMENT
Title Computational methods for partial differential equations /
250 ## - EDITION STATEMENT
Edition statement 1 /
260 ## - PUBLICATION, DISTRIBUTION, ETC. (IMPRINT)
Place of publication New Delhi :
Name of publisher Wiley Eastern Ltd ,
Year of publication 1994.
300 ## - PHYSICAL DESCRIPTION
Number of Pages 244 ; .
700 1# - ADDED ENTRY--PERSONAL NAME
Personal name Iyyenkar, S R K .
700 1# - ADDED ENTRY--PERSONAL NAME
Personal name Jain, R K .
942 ## - ADDED ENTRY ELEMENTS (KOHA)
Koha item type Books
Holdings
Withdrawn status Lost status Damaged status Home library Current library Date acquired Full call number Accession Number Koha item type
      KAUAET KAUAET 07/04/2012 515.353 JAI/CO 19361 Books
      KAUAET KAUAET 07/04/2012 515.353 JAI/CO 19933 Books
free website counter